A simple non-euclidean geometry and its physical basis: an elementary account of galilean geometry and the galilean principle of relativity

Guardat en:
Dades bibliogràfiques
Autor principal: Yaglom, I. M (Autor)
Format: Llibre
Idioma:anglès
Publicat: Nueva York Springer-Verlag 1979
Col·lecció:Heidelberg Science Library
Matèries:
Etiquetes: Afegir etiqueta
Sense etiquetes, Sigues el primer a etiquetar aquest registre!

MARC

LEADER 00000nam a2200000 a 4500
001 UCQ9531
003 CL-VaPUC
008 990112e19790000US |||||||||||||||||eng|d
082 0 4 |a 516.9  |b YAG  |2 21 
100 0 |a Yaglom, I. M  |e author  |9 424140 
245 1 2 |a A simple non-euclidean geometry and its physical basis: an elementary account of galilean geometry and the galilean principle of relativity 
300 |a 307 p 
942 |c BK 
945 |d 19990112 00:00:00  |a crobeson 
260 |a Nueva York  |b Springer-Verlag  |c 1979 
650 7 |a GEOMETRIA NO EUCLIDEA  |2 CL-VaPUC  |9 424141 
650 7 |a RELATIVIDAD FISICA  |2 CL-VaPUC  |9 265410 
583 |a last modification  |c 19990112 00:00:00  |k Rodrigo Vera 
490 0 |a Heidelberg Science Library 
999 |c 278531  |d 278529 
952 |0 0  |1 0  |4 0  |6 516_900000000000000_YAG_1979  |7 0  |8 A  |9 317131  |a BIBMAT  |b BIBMAT  |d 2019-11-20  |i 1315714  |o 516.9 YAG 1979  |p 1315714  |r 2025-01-07  |w 2019-11-20  |y BK  |k MAT